| 000 | 00000nam 2200000zi 4500 |
| 001 | 9.936218 |
| 003 | CaOODSP |
| 005 | 20240402144312 |
| 006 | m o d f |
| 007 | cr |n||||||||| |
| 008 | 240402e198104 onc o f000 0 fre d |
| 020 | |z0662911636 |
| 040 | |aCaOODSP|bfre|erda|cCaOODSP |
| 043 | |an-cn--- |
| 086 | 1 |aST41-3/19-1981F-PDF|zST41-3/1981-19F |
| 245 | 03|aLe Programme spatial canadien de 1981-1982 à 1983-1984. |
| 264 | 1|a[Ottawa] : |bMinistère d'État, Science et technologie Canada = Ministry of State, Science and Technology Canada, |cavril 1981. |
| 264 | 4|c©1981 |
| 300 | |a1 ressource en ligne (1 volume (pagination multiple)). |
| 336 | |atexte|btxt|2rdacontent/fre |
| 337 | |ainformatique|bc|2rdamedia/fre |
| 338 | |aressource en ligne|bcr|2rdacarrier/fre |
| 490 | 1 |aDocument explicatif du MEST ; |v19 |
| 500 | |aPublié aussi en anglais sous le titre : The Canadian space program plan for 1981/82 - 1983/84. |
| 500 | |aÉdition numérisée de l'imprimé [par Innovation, Sciences et Développement économique Canada]. |
| 650 | 6|aAstronautique|xPolitique gouvernementale|zCanada. |
| 650 | 6|aTélécommunications|xInnovations|zCanada. |
| 710 | 1 |aCanada. |bMinistère d'État, Sciences et technologie, |eorganisme de publication. |
| 775 | 08|tThe Canadian space program plan for 1981/82 - 1983/84.|w(CaOODSP)9.936198 |
| 830 | #0|aDocument explicatif du MEST ;|v19.|w(CaOODSP)9.895442 |
| 856 | 40|qPDF|s465 Ko|uhttps://publications.gc.ca/collections/collection_2024/isde-ised/st41-3/ST41-3-19-1981-fra.pdf |